La era del capitalismo / (Record no. 80325)

MARC details
000 -LEADER
campo de control de longitud fija 00789nam a2200241 i 4500
001 - NÚMERO DE CONTROL
campo de control 80325
003 - IDENTIFICADOR DE NÚMERO DE CONTROL
campo de control ES-MaACL
005 - FECHA Y HORA DE LA ÚLTIMA TRANSACCIÓN
campo de control 20230906174205.0
007 - CAMPO FIJO DE DESCRIPCIÓN FÍSICA--INFORMACIÓN GENERAL
campo de control de longitud fija t|
008 - DATOS DE LONGITUD FIJA--INFORMACIÓN GENERAL
campo de control de longitud fija 041027s1977 sp ||||1| spa d
100 1# - ENTRADA PRINCIPAL--NOMBRE DE PERSONA
Nombre de persona Hobsbawm, E. J. (
Fechas asociadas al nombre 1917-2012)
9 (RLIN) 63862
245 13 - MENCIÓN DEL TÍTULO
Título La era del capitalismo /
Mención de responsabilidad, etc. Eric J. Hobsbawm ; [traducción, A. García Fluixá].
260 ## - PUBLICACIÓN, DISTRIBUCIÓN, ETC.
Lugar de publicación, distribución, etc. [Madrid] :
Nombre del editor, distribuidor, etc. Guadarrama,
Fecha de publicación, distribución, etc. [1977]
300 ## - DESCRIPCIÓN FÍSICA
Extensión 2 v. ;
Dimensiones 18 cm.
490 1# - MENCIÓN DE SERIE
Mención de serie Punto Omega ;
Designación de volumen o secuencia 223, 224
650 ## - PUNTO DE ACCESO ADICIONAL DE MATERIA--TÉRMINO DE MATERIA
Término de materia o nombre geográfico como elemento de entrada Capitalismo-
Subdivisión de forma Historia.
9 (RLIN) 158177
650 #4 - PUNTO DE ACCESO ADICIONAL DE MATERIA--TÉRMINO DE MATERIA
Término de materia o nombre geográfico como elemento de entrada Historia económica-
Subdivisión cronológica 1750-1918.
9 (RLIN) 146435
700 1# - ENTRADA AGREGADA--NOMBRE PERSONAL
Nombre de persona García Fluixá, Angel.
9 (RLIN) 54616
830 0# - PUNTO DE ACCESO ADICIONAL DE SERIE-TÍTULO UNIFORME
Título uniforme Punto Omega ;
Designación de volumen o secuencia 223, 224
9 (RLIN) 180707
852 ## - LOCALIZACIÓN
Ubicación ES-MaACL
Número de control de estantería L-2397-8
Sublocalización o colección R.103077
852 ## - LOCALIZACIÓN
Ubicación ES-MaACL
Número de control de estantería P-404
Sublocalización o colección R.96021
condición física . - V.1
Holdings
Estatus retirado Estado de pérdida Estado de daño No para préstamo Biblioteca de origen Biblioteca actual Ubicación en estantería Fecha de adquisición Fuente de adquisición Total de préstamos Signatura topográfica completa Código de barras Visto por última vez Precio de reemplazo Tipo de ítem Koha
        Biblioteca del Ateneo de Madrid Biblioteca del Ateneo de Madrid Depósito 2 17/01/2008     P-404 1083983 23/02/2023 23/02/2023 Libro impreso
        Biblioteca del Ateneo de Madrid Biblioteca del Ateneo de Madrid Depósito 2 17/01/2008     L-2397-8 1083982 23/02/2023 23/02/2023 Libro impreso